000 00409 a2200157 4500
001 193000
020 _a978-85-63080-98-0
040 _cMagnum
100 _aFerreira Neto Junior, Nelson Pinto
240 1 0 _aEu escolhi esperar: um amor para a vida inteira
_lpor
245 1 0 _aEu escolhi esperar: um amor para a vida inteira
300 _a96
362 0 _a2012
697 _aLITERATURA GERAL
942 _cBK
999 _c193000
_d193000